|
|
|
|
| LEADER |
01442cam a2200361Ia 4500 |
| 001 |
9780203642085 |
| 003 |
FlBoTFG |
| 005 |
20091230162920.0 |
| 006 |
a|||||s||||||||||| |
| 007 |
cr|||| |
| 008 |
040130s2004 enka sb 001 0 eng d |
| 020 |
|
|
|a 9780203642085 (e-book : PDF)
|
| 040 |
|
|
|a FlBoTFG
|c FlBoTFG
|d GrThAP
|
| 043 |
|
|
|a e------
|a aw-----
|a ff-----
|
| 090 |
|
|
|a U33
|b .G696 2004
|
| 092 |
|
|
|a 355.020938
|b G793
|
| 245 |
0 |
0 |
|a Greek and Roman military writers
|h [electronic resource] :
|b selected readings /
|c Brian Campbell.
|
| 260 |
|
|
|a London and New York :
|b Routledge,
|c 2004.
|
| 300 |
|
|
|a xxiv, 231 p. :
|b ill.
|
| 490 |
1 |
|
|a Routledge classical translations
|
| 504 |
|
|
|a Includes bibliographical references (p. 212-217) and indexes.
|
| 530 |
|
|
|a Also available in print edition.
|b CRC Press (http://www.crcpress.com)
|
| 538 |
|
|
|a Mode of access: World Wide Web.
|
| 650 |
|
0 |
|a Military art and science
|z Greece
|x History
|y To 1500
|v Sources.
|
| 650 |
|
0 |
|a Military art and science
|z Rome
|x History
|v Sources.
|
| 651 |
|
0 |
|a Greece
|x History, Military
|y To 146 B.C.
|v Sources.
|
| 651 |
|
0 |
|a Rome
|x History, Military
|y 265-30 B.C.
|v Sources.
|
| 651 |
|
0 |
|a Rome
|x History, Military
|y 30 B.C.-476 A.D.
|v Sources.
|
| 655 |
|
7 |
|a Electronic books.
|2 lcsh
|
| 700 |
1 |
|
|a Campbell, J. B.
|
| 776 |
1 |
|
|z 9780415285476
|
| 830 |
|
0 |
|a Routledge classical translations.
|
| 856 |
4 |
0 |
|u http://www.tandfebooks.com/isbn/9780203642085
|z Full Text via HEAL-Link
|